000 01807nam a2200277Ia 4500
999 _c56510
_d56510
001 23624
003 GE_BSU
005 20260227114252.0
008 181216s2008||||ge |||||||||||||| ||geo||
020 _a9789941121692
040 _cGE_BSU
041 _ageo
080 _a94(479.22)(075.8) ს-32
245 _aსაქართველოს ისტორია [ტ1.] ძველესი დროიდან მე-18 ს.10-იან წლებამდე :
_bსახელმძღვანელო : 2 ტომად თსუ-ს სტუდენტებისათვის /
_cტომის რედ. ნოდარ შოშიაშვილი ; სარედ. კოლ. : ნათელა ვაჩნაძე, მარიამ ლორთქიფანიძე (მთ. რედ.), როინ მეტრეველი [და სხვ.]
264 _aთბილისი :
_bუნივერსალი,
_c2008.
300 _a538 გვ. :
_b ტაბ. ;
_c23 სმ.
300 _eბიბლ. ტექსტების ბოლოს.
500 _aქართ. ანბანი ძეგლების მიხედვით : გვ. 525-530
504 _aბიბლიოგრაფია : გვ. 485-524
541 _h25ლ.
653 _aსაქართველოს ისტორია
653 _aსაქართველოს ისტორია -- სახელმძღვანელოები უმაღლესი სასწავლებლებისათვის
653 _aსაქართველოს ისტორია ტ1
700 _aშოშიაშვილი, ნოდარ
_eტომის რედაქტორი
_917969
942 _cBK
_2udc